| 000 | 00693cam a2200229 4500 | ||
|---|---|---|---|
| 001 | sa 68014767 | ||
| 003 | DLC | ||
| 005 | 20260227112635.0 | ||
| 008 | 700216s1966 ii 000 0 eng | ||
| 010 | _asa 68014767 //r92 | ||
| 025 | _aPL480:I-E-10051 | ||
| 040 |
_aDLC _cDLC _dDLC |
||
| 050 | 0 | 0 |
_aHD1491.I39 _bN282 |
| 082 | 0 | 0 | _a334/.683/0954 |
| 110 | 2 | _aNational Cooperative Development Corporation (India) | |
| 245 | 1 | 0 | _aPolicy circulars on co-operative agricultural supplies & storage. |
| 260 | 1 |
_aNew Delhi _c[1966] |
|
| 300 |
_avi, 163 p. _c 22 cm. |
||
| 650 | 0 |
_aAgriculture, Cooperative _zIndia. |
|
| 650 | 0 |
_aFarm supply industries _zIndia. |
|
| 650 | 0 |
_aFarm produce _xStorage. |
|
| 999 |
_c86037 _d86037 |
||